00468 2200181 4500001002100000005001500021008004100036020002200077035001900099041000700118082001000125090001600135100001900151245003900170260003600209300002900245650001200274INLIS00000000001462120241224114759241224||||||||| | ||| |||| || |  a978-602-8200-92-9 0010-1224014621 aid0 a612.6 a612.6 ANI b0 aAnik Maryunani00aBiologi Reproduksi dalam Kebidanan aJakartabTrans Info Mediac2010 a14 x 21 cm; x + 375 hal. 0aBiologi